Darts Major Turniere - Statistiken

Allgemein
  • Dieses Quiz wurde 604 mal gespielt
  • Das Durchschnittsergebnis liegt bei 9 aus 11
Antwortstatistiken
erstmals Antwort % Korrekt
1994 PDC World Darts Championship
96%
2008 European Darts Championship
91%
1994 World Matchplay
84%
2007 Grand Slam of Darts
82%
2013 The Masters
82%
2003 UK Open
82%
1998 World Grand Prix
81%
2010 World Cup of Darts
76%
2005 Premier League Darts
75%
2009 Players Championship Finals
67%
2015 World Series of Darts Finals
58%
Keine übereinstimmenden Quizze gefunden
Verteilung der Resultate
Anzahl Personen mit jedem Resultat
Perzentil nach korrekt beantworteten Fragen
Ihre Resultats-Entwicklung
Sie haben dieses Quiz noch nicht gespielt